<?xml version="1.0" encoding="UTF-8"?>
<record
    xmlns:xsi="http://www.w3.org/2001/XMLSchema-instance"
    xsi:schemaLocation="http://www.loc.gov/MARC21/slim http://www.loc.gov/standards/marcxml/schema/MARC21slim.xsd"
    xmlns="http://www.loc.gov/MARC21/slim">

  <leader>01984cam a2200301   4500500</leader>
  <controlfield tag="005">20260322012055.0</controlfield>
  <datafield tag="041" ind1=" " ind2=" ">
    <subfield code="a">fre</subfield>
  </datafield>
  <datafield tag="042" ind1=" " ind2=" ">
    <subfield code="a">dc</subfield>
  </datafield>
  <datafield tag="100" ind1="1" ind2="0">
    <subfield code="a">Rivi&#xE8;re, Antoine</subfield>
    <subfield code="e">author</subfield>
  </datafield>
  <datafield tag="700" ind1="1" ind2="0">
    <subfield code="a">Craig, Laure</subfield>
    <subfield code="e">author</subfield>
  </datafield>
  <datafield tag="700" ind1="1" ind2="0">
    <subfield code="a">Cras, Anne-Sophie</subfield>
    <subfield code="e">author</subfield>
  </datafield>
  <datafield tag="700" ind1="1" ind2="0">
    <subfield code="a">Floreck, Delphine</subfield>
    <subfield code="e">author</subfield>
  </datafield>
  <datafield tag="245" ind1="0" ind2="0">
    <subfield code="a">Communiquer les dossiers de l&#x2019;enfance</subfield>
  </datafield>
  <datafield tag="260" ind1=" " ind2=" ">
    <subfield code="c">2026.
							</subfield>
  </datafield>
  <datafield tag="500" ind1=" " ind2=" ">
    <subfield code="a">37</subfield>
  </datafield>
  <datafield tag="520" ind1=" " ind2=" ">
    <subfield code="a">Depuis quelques d&#xE9;cennies, les anciens enfants plac&#xE9;s et leurs descendants sont nombreux &#xE0; chercher dans les archives les bribes de leur histoire conserv&#xE9;es par les institutions de la Protection de l&#x2019;enfance ou de la Justice des mineurs. Face &#xE0; ce nouveau public, pour lequel la consultation des archives rev&#xEA;t souvent de puissants enjeux m&#xE9;moriels, affectifs voire identitaires, les archivistes doivent repenser leurs pratiques. Trois archivistes des archives du Tarn-et-Garonne racontent leur exp&#xE9;rience et ouvrent les coulisses de la communication des dossiers de l&#x2019;enfance plac&#xE9;e.</subfield>
  </datafield>
  <datafield tag="520" ind1=" " ind2=" ">
    <subfield code="a">In recent decades, many former children in care and their descendants have turned to archives for bits and pieces of their histories preserved by child protection or juvenile justice institutions. Faced with this new audience, for whom consultation of archives often involves powerful issues of memory, emotion and even identity, archivists have had to rethink their practices. Three archivists from the Archives du Tarn-et-Garonne share their experiences and take us behind the scenes of the communication of files on children in care.</subfield>
  </datafield>
  <datafield tag="690" ind1=" " ind2=" ">
    <subfield code="a">archives</subfield>
  </datafield>
  <datafield tag="690" ind1=" " ind2=" ">
    <subfield code="a">histoire familiale</subfield>
  </datafield>
  <datafield tag="690" ind1=" " ind2=" ">
    <subfield code="a">m&#xE9;moire</subfield>
  </datafield>
  <datafield tag="690" ind1=" " ind2=" ">
    <subfield code="a">protection de l&#x2019;enfance</subfield>
  </datafield>
  <datafield tag="690" ind1=" " ind2=" ">
    <subfield code="a">archives</subfield>
  </datafield>
  <datafield tag="690" ind1=" " ind2=" ">
    <subfield code="a">child protection</subfield>
  </datafield>
  <datafield tag="690" ind1=" " ind2=" ">
    <subfield code="a">family history</subfield>
  </datafield>
  <datafield tag="690" ind1=" " ind2=" ">
    <subfield code="a">memory</subfield>
  </datafield>
  <datafield tag="786" ind1="0" ind2=" ">
    <subfield code="n">L'irr&#xE9;guli&#xE8;re | 27 | 1 | 2026-02-16 | p. 105-112 | 1962-9419</subfield>
  </datafield>
  <datafield tag="856" ind1="4" ind2="1">
    <subfield code="u">https://shs.cairn.info/revue-l-irreguliere-2025-1-page-105?lang=fr&amp;redirect-ssocas=7080</subfield>
  </datafield>
  <datafield tag="999" ind1=" " ind2=" ">
    <subfield code="c">1769816</subfield>
    <subfield code="d">1769816</subfield>
  </datafield>
</record>
